Óda
Elmentve itt :
| Szerzők: | |
|---|---|
| Dokumentumtípus: | Cikk |
| Megjelent: |
1928
|
| Sorozat: | Széphalom
2 |
| Kulcsszavak: | Szépirodalom |
| Online Access: | http://acta.bibl.u-szeged.hu/20185 |
| LEADER | 00544nab a2200181 i 4500 | ||
|---|---|---|---|
| 001 | acta20185 | ||
| 005 | 20210722152510.0 | ||
| 008 | 161015s1928 hu o 0|| hun d | ||
| 040 | |a SZTE Egyetemi Kiadványok Repozitórium |b hun | ||
| 041 | |a hun | ||
| 100 | 1 | |a Larbaud Valéry | |
| 245 | 1 | 0 | |a Óda |h [elektronikus dokumentum] / |c Larbaud Valéry |
| 260 | |c 1928 | ||
| 300 | |a 19 | ||
| 490 | 0 | |a Széphalom |v 2 | |
| 695 | |a Szépirodalom | ||
| 700 | 0 | 1 | |a Hankiss János |e aut |
| 856 | 4 | 0 | |u http://acta.bibl.u-szeged.hu/20185/1/szephalom_002_019.pdf |z Dokumentum-elérés |